000 00580nam a2200205Ia 4500
005 20230814115556.0
008 131103s9999 xx 000 0 und d
040 _aLoreto College
041 _aEnglish
082 _a920
_bLIV-THO
100 _aThomas,Henry
245 _aLiving Biographies of Great Philosophers
_cHenry Thomas and Dana Lee Thomas;illus by Gordn Ross
260 _aNew York
_bBlue Ribbon Books
_c1946
300 _aviii,335 p.
650 _aBiography
651 _aPhilosopher - Biography
700 _aThomas,Dana Lee
850 _aLCLIB
942 _cBK
999 _c13946
_d64425